LDR 01033naa#a2200181#i#450# 001 RU\\bibl\121411 005 20260514025323.4 011 ## _a1994-4683 100 ## _a20230531b2023####ek#y0rusy0150####ca 102 ## _aRU 200 1# _aСРАВНИТЕЛЬНЫЙ АНАЛИЗ ПОКАЗАТЕЛЕЙ ФИЗИЧЕСКОЙ ПОДГОТОВЛЕННОСТИ ТЕННИСИСТОВ 8-9 ЛЕТ С НОРМАТИВНЫМИ ЗНАЧЕНИЯМИ ФЕДЕРАЛЬНОГО СТАНДАРТА СПОРТИВНОЙ ПОДГОТОВКИ ПО ВИДУ СПОРТА ТЕННИС _eЖурнальная статья 210 1# _aМосква _cНациональный государственный Университет физической культуры, спорта и здоровья им. П.Ф. Лесгафта _d2023 215 ## _a5 с. 608 ## _aЖурнальная статья _2local 675 ## _aТеннис. Лаун-теннис. 796.342 _z 700 #1 _aДжумок _gА А 700 #1 _aПикалова _gА В 856 4# _auchzapiski.lesgaft.spb.ru _u